Normal view
MARC view
- Mannino, Michael V
Entry Personal Name
001 - CONTROL NUMBER
- control field: 55640
003 - CONTROL NUMBER IDENTIFIER
- control field: NUST
005 - DATE AND TIME OF LATEST TRANSACTION
- control field: 20210628201524.0
008 - FIXED-LENGTH DATA ELEMENTS
- fixed length control field: 210628|| aca||aabn | a|a d
040 ## - CATALOGING SOURCE
- Original cataloging agency: NUST
- Transcribing agency: NUST
100 ## - HEADING--PERSONAL NAME
- Personal name: Mannino, Michael V
670 ## - SOURCE DATA FOUND
- Source citation: Work cat.: (NUST): Mannino, Michael V., Database design, application development, and administration , 2004.
